[Event "Chigorin Memorial 22nd"]
[Site "St Petersburg"]
[Date "2014.10.19"]
[Round "2"]
[White "Sadovsky, Artem"]
[Black "Ladzin, Ivan"]
[Result "1-0"]
[WhiteElo "2364"]
[BlackElo "1961"]
[PlyCount "111"]
[EventDate "2014.10.18"]
[EventType "swiss"]
[EventRounds "9"]
[EventCountry "RUS"]
[SourceTitle "EXT 2015"]
[Source "ChessBase"]
[SourceDate "2014.11.20"]
[SourceVersion "1"]
[SourceVersionDate "2014.11.20"]
[SourceQuality "1"]

1. Nf3 Nf6 2. g3 d5 3. Bg2 c5 4. c4 e6 5. 0-0 Nc6 6. cxd5 Nxd5 7. d3 Be7 8. Nbd2 0-0 9. a4 b6 10. Nc4 Bb7 11. Bd2 Rc8 12. Qb3 Ndb4 13. Bc3 a6 14. Nfe5 b5 15. axb5 axb5 16. Nxc6 Bxc6 17. Ne3 c4 18. dxc4 bxc4 19. Qd1 Bxg2 20. Kxg2 Qb6 21. Qd7 Rc7 22. Qa4 Nd5 23. Nxd5 Qb7 24. Rfd1 exd5 25. Qa6 Rd8 26. e4 d4 27. Qxb7 Rxb7 28. Rxd4 Rc8 29. Ra4 Rbc7 30. Rd5 h6 31. f4 Rb7 32. Kf3 Kf8 33. e5 f6 34. e6 Rb6 35. f5 g6 36. g4 h5 37. Ra7 hxg4+ 38. Kxg4 Rcc6 39. Bd4 gxf5+ 40. Kxf5 Rxe6 41. Bxb6 Rxb6 42. Rdd7 Rb5+ 43. Kf4 Re5 44. Rxe7 Rxe7 45. Rxe7 Kxe7 46. Kf5 Kf7 47. h4 Kg7 48. h5 Kh6 49. Kxf6 Kxh5 50. Ke5 Kg5 51. Kd4 Kf5 52. Kxc4 Ke6 53. Kb5 Kd7 54. Kb6 Kc8 55. b4 Kb8 56. b5 1-0

[Event "St Petersburg Early Bird Rating"]
[Site "St Petersburg"]
[Date "2014.06.11"]
[Round "5"]
[White "Ladzin, Ivan"]
[Black "Bezstrakhov, Dmitry"]
[Result "0-1"]
[WhiteElo "1838"]
[BlackElo "2073"]
[PlyCount "92"]
[EventDate "2014.06.07"]
[EventType "swiss"]
[EventRounds "9"]
[EventCountry "RUS"]
[SourceTitle "CBM 160 Extra"]
[Source "ChessBase"]
[SourceDate "2014.07.01"]
[SourceVersion "1"]
[SourceVersionDate "2014.07.01"]
[SourceQuality "1"]

1. d4 Nf6 2. c4 e6 3. Nc3 d5 4. Nf3 c6 5. e3 Bd6 6. Qc2 Nbd7 7. b3 0-0 8. Be2 e5 9. Bb2 e4 10. Nd2 Re8 11. a3 Nf8 12. h3 Bf5 13. g4 Be6 14. 0-0-0 Rc8 15. Rdg1 c5 16. g5 N6d7 17. Nb5 Bb8 18. dxc5 Rxc5 19. Bd4 Rc6 20. Bxa7 Qe7 21. Bd4 Ng6 22. Qb2 Nge5 23. Kb1 dxc4 24. bxc4 Bxc4 25. Nxc4 Nxc4 26. Bxc4 Rxc4 27. Bxg7 Be5 28. Qb3 Rec8 29. Bxe5 Nxe5 30. g6 hxg6 31. Rc1 Rxc1+ 32. Rxc1 Rxc1+ 33. Kxc1 Nd3+ 34. Kd2 Nxf2 35. Qc4 Qd7+ 36. Nd4 Nxh3 37. Qc5 Nf2 38. Qe5 Qg4 39. Qe8+ Kg7 40. Qe5+ Kh7 41. Ne2 Nd3 42. Qh2+ Qh5 43. Qc7 Qd5 44. Nc3 Qf5 45. Qxb7 Qf2+ 46. Ne2 Qe1+ 0-1

[Event "St Petersburg Botvinnik Memorial op"]
[Site "St Petersburg"]
[Date "2012.08.28"]
[Round "4"]
[White "Van den Ouden, Lendert"]
[Black "Ladzin, Ivan"]
[Result "1-0"]
[WhiteElo "2000"]
[BlackElo "1791"]
[PlyCount "91"]
[EventDate "2012.08.25"]
[EventType "swiss"]
[EventRounds "9"]
[EventCountry "RUS"]
[SourceTitle "CBM 150 Extra"]
[Source "ChessBase"]
[SourceDate "2012.10.19"]
[SourceVersion "1"]
[SourceVersionDate "2012.10.19"]
[SourceQuality "1"]

1. Nf3 d5 2. d4 Nf6 3. c4 e6 4. g3 Be7 5. Bg2 0-0 6. 0-0 c6 7. Qc2 b6 8. b3 Bb7 9. Nc3 c5 10. Rd1 Qc8 11. cxd5 exd5 12. Bb2 Nbd7 13. Rac1 Rd8 14. Qb1 Qb8 15. Ba3 a6 16. dxc5 Nxc5 17. Na4 Qa7 18. Nd4 Bf8 19. Nc3 Ne6 20. Bxf8 Kxf8 21. Qf5 Nxd4 22. Rxd4 Rac8 23. Qd3 b5 24. Rd1 Qc5 25. Ne4 Nxe4 26. Bxe4 g6 27. b4 Qe7 28. a3 Re8 29. Bf3 Rc4 30. e3 Rec8 31. Bxd5 Rc3 32. Qb1 Bxd5 33. Rxd5 Rxa3 34. Qb2 Rcc3 35. Rc5 Qf6 36. Rc8+ Kg7 37. Ra8 Rab3 38. Qa1 Ra3 39. Qb1 Qf3 40. Ra7 Rab3 41. Qa1 Kh6 42. Rdd7 Rc2 43. Rxf7 Qe4 44. Qg7+ Kh5 45. Qxh7+ Kg5 46. Qh4+ 1-0

[Event "St Petersburg Botvinnik Memorial op"]
[Site "St Petersburg"]
[Date "2012.08.25"]
[Round "1"]
[White "Ladzin, Ivan"]
[Black "Serrano Salvador, Eduardo"]
[Result "0-1"]
[WhiteElo "1791"]
[BlackElo "2319"]
[PlyCount "78"]
[EventDate "2012.08.25"]
[EventType "swiss"]
[EventRounds "9"]
[EventCountry "RUS"]
[SourceTitle "CBM 150 Extra"]
[Source "ChessBase"]
[SourceDate "2012.10.19"]
[SourceVersion "1"]
[SourceVersionDate "2012.10.19"]
[SourceQuality "1"]

1. d4 d5 2. Bg5 h6 3. Bh4 c6 4. e3 Qb6 5. Qc1 e5 6. c3 Nd7 7. Bd3 Be7 8. Bxe7 Nxe7 9. Ne2 0-0 10. 0-0 e4 11. Bc2 f5 12. Nd2 Nf6 13. c4 Be6 14. Bb3 Rac8 15. Nf4 Bf7 16. Qe1 g5 17. Ne2 Qc7 18. f3 exf3 19. Rxf3 Bh5 20. Rf1 Bxe2 21. Qxe2 Rce8 22. Qd3 Kg7 23. Nf3 Ng6 24. cxd5 f4 25. Bc2 Ne4 26. dxc6 Qxc6 27. d5 Qb6 28. Nd4 fxe3 29. Rxf8 Kxf8 30. Qxe3 Nf6 31. Qf2 Nf4 32. Rf1 Qxd4 33. Qxd4 Ne2+ 34. Kh1 Nxd4 35. Rxf6+ Kg7 36. Rg6+ Kf7 37. Re6 Nxe6 38. dxe6+ Kxe6 39. Kg1 Rd8 0-1

[Event "St Petersburg Spring op"]
[Site "St Petersburg"]
[Date "2012.03.24"]
[Round "3"]
[White "Ladzin, Ivan"]
[Black "Belov, Nikita"]
[Result "1/2-1/2"]
[WhiteElo "1726"]
[BlackElo "2013"]
[PlyCount "54"]
[EventDate "2012.03.22"]
[EventType "swiss"]
[EventRounds "9"]
[EventCountry "RUS"]
[SourceTitle "EXT 2013"]
[Source "ChessBase"]
[SourceDate "2012.11.22"]
[SourceVersion "1"]
[SourceVersionDate "2012.11.22"]
[SourceQuality "1"]

1. d4 g6 2. e4 d6 3. Nf3 Bg7 4. c4 Nf6 5. Nc3 0-0 6. Bd3 Bg4 7. Be3 Nc6 8. h3 Bxf3 9. Qxf3 Nd7 10. d5 Nce5 11. Qe2 Nxd3+ 12. Qxd3 Ne5 13. Qe2 e6 14. 0-0 exd5 15. exd5 f5 16. f4 Nd7 17. Rac1 Re8 18. Qd2 Nc5 19. Bxc5 dxc5 20. Rce1 Qd7 21. Rxe8+ Rxe8 22. Re1 Re7 23. Re2 Qe8 24. Kf1 Bxc3 25. Rxe7 Qxe7 26. Qxc3 Qe4 27. Qe5 Qxc4+ 1/2-1/2